[Event "Copenhagen Ch"]
[Site "Copenhagen"]
[Date "2002.10.15"]
[Round "3"]
[White "Aabling Thomsen, Jakob"]
[Black "Schmidt, Horst Hubert"]
[Result "1-0"]
[WhiteElo "2159"]
[BlackElo "2035"]
[PlyCount "95"]
[EventDate "2002.??.??"]
[EventType "swiss"]
[EventRounds "9"]
[EventCountry "DEN"]

1. e4 e6 2. d4 d5 3. Nc3 dxe4 4. Nxe4 Bd7 5. Nf3 Bc6 6. Bd3 Nd7 7. O-O Ngf6 8.
Qe2 Be7 9. Ng3 O-O 10. Rd1 Nb6 11. Ne5 Qd5 12. Nxc6 Qxc6 13. Bf4 Nbd5 14. Be5
Bd6 15. Nh5 Bxe5 16. dxe5 Nxh5 17. Qxh5 g6 18. Qh4 Qb6 19. Rab1 Nb4 20. Be4 c6
21. a3 Na6 22. b4 Rad8 23. c4 Qc7 24. Qf4 Rd7 25. Rd6 Nb8 26. c5 Qd8 27. Rbd1
Qe7 28. R1d3 Rfd8 29. Rh3 Qf8 30. Qh4 h5 31. Qg5 Qg7 32. Qxd8+ Rxd8 33. Rxd8+
Qf8 34. Rxf8+ Kxf8 35. Rd3 Ke7 36. f4 Nd7 37. h3 Nf8 38. g4 hxg4 39. hxg4 Nh7
40. Rd6 Nf8 41. f5 gxf5 42. gxf5 Nd7 43. f6+ Ke8 44. Rxd7 Kxd7 45. Kg2 Kc8 46.
Kg3 Kb8 47. Bh7 a5 48. Bg8 1-0

[Event "Copenhagen Ch"]
[Site "Copenhagen"]
[Date "2002.10.18"]
[Round "7"]
[White "Aabling Thomsen, Jakob"]
[Black "Brondum, Eric"]
[Result "0-1"]
[WhiteElo "2159"]
[BlackElo "2212"]
[PlyCount "84"]
[EventDate "2002.??.??"]
[EventType "swiss"]
[EventRounds "9"]
[EventCountry "DEN"]

1. e4 g6 2. d4 d6 3. Nc3 c6 4. Bc4 b5 5. Nxb5 d5 6. Bb3 dxe4 7. Nc3 Bg7 8. Nxe4
Qxd4 9. Qxd4 Bxd4 10. Nf3 Bg7 11. Neg5 Nh6 12. h4 a5 13. h5 a4 14. Bc4 Ba6 15.
Bxa6 Nxa6 16. hxg6 hxg6 17. Rb1 Nb4 18. a3 Nxc2+ 19. Ke2 Nf5 20. Rd1 Ncd4+ 21.
Nxd4 Nxd4+ 22. Kd3 Rh2 23. Be3 Nf5 24. g4 Nxe3 25. Kxe3 Bh6 26. f4 Rb8 27. Rbc1
Rhxb2 28. Rxc6 R2b3+ 29. Ke4 Bxg5 30. fxg5 Rxa3 31. Rd4 Rd8 32. Rb4 Ra1 33. Rc7
Ra8 34. Kd5 Re1 35. Rcb7 Rd8+ 36. Kc6 a3 37. Rb3 a2 38. Rh3 Rc1+ 39. Kb5 Rb1+
40. Kc6 Rd6+ 41. Kc7 Rxb7+ 42. Kc8 a1=Q 0-1

[Event "Copenhagen Ch"]
[Site "Copenhagen"]
[Date "2002.10.19"]
[Round "8"]
[White "Aabling Thomsen, Jakob"]
[Black "Madsen, Poul Henrik"]
[Result "1-0"]
[WhiteElo "2159"]
[BlackElo "2048"]
[PlyCount "47"]
[EventDate "2002.??.??"]
[EventType "swiss"]
[EventRounds "9"]
[EventCountry "DEN"]

1. e4 d5 2. exd5 Qxd5 3. Nc3 Qa5 4. d4 c6 5. Bc4 Bf5 6. Nge2 e6 7. Ng3 Bb4 8.
O-O Nd7 9. Bd2 Ne7 10. a3 Bxc3 11. Bxc3 Qc7 12. Bb4 c5 13. dxc5 O-O-O 14. Qd6
Rhe8 15. Rfe1 Bxc2 16. Bb5 Nf5 17. Qxc7+ Kxc7 18. Rac1 Nd4 19. Ba5+ b6 20.
cxb6+ axb6 21. Bxd7 Rxd7 22. Bc3 e5 23. Bxd4 exd4 24. Rxc2+ 1-0

[Event "Copenhagen Ch"]
[Site "Copenhagen"]
[Date "2002.10.17"]
[Round "5"]
[White "Aabling Thomsen, Jakob"]
[Black "Poulsen, Klaus E"]
[Result "1-0"]
[WhiteElo "2159"]
[BlackElo "2117"]
[PlyCount "115"]
[EventDate "2002.??.??"]
[EventType "swiss"]
[EventRounds "9"]
[EventCountry "DEN"]

1. e4 c5 2. Nf3 Nc6 3. d4 cxd4 4. Nxd4 Nf6 5. Nc3 e5 6. Ndb5 d6 7. Bg5 a6 8.
Na3 b5 9. Bxf6 gxf6 10. Nd5 f5 11. Bxb5 axb5 12. Nxb5 Ra4 13. Nbc7+ Kd7 14. O-O
Rg8 15. Qh5 Qg5 16. Qxf7+ Be7 17. g3 Rxe4 18. Ne6 Nd8 19. Nxd8 Rf8 20. Qxe7+
Qxe7 21. Nxe7 Kxe7 22. Nc6+ Ke6 23. Na5 f4 24. Rfe1 Ra4 25. Nb3 Bb7 26. c3 Kf5
27. Nd2 h5 28. b3 Ra7 29. h3 Bd5 30. c4 Bc6 31. a4 Rg8 32. Kh2 e4 33. Rg1 e3
34. fxe3 fxe3 35. Rgf1+ Ke5 36. Rfe1 Rf7 37. Rxe3+ Kd4 38. Re2 Kd3 39. Rae1
Rgf8 40. Kg1 Rg8 41. Nf1 Rgf8 42. Re6 Kc3 43. Rxd6 Bb7 44. Re3+ Kb4 45. Nd2 Kc5
46. Rde6 Rf2 47. Re2 R2f7 48. Re7 Kd4 49. Rxf7 Rxf7 50. Rf2 Re7 51. g4 hxg4 52.
hxg4 Kc3 53. Kh2 Rd7 54. Kg3 Rxd2 55. Rxd2 Kxd2 56. g5 Be4 57. Kf4 Bc2 58. c5
1-0

[Event "Copenhagen Ch"]
[Site "Copenhagen"]
[Date "2002.10.11"]
[Round "1"]
[White "Aabling Thomsen, Jakob"]
[Black "Hoeg, Claus"]
[Result "1-0"]
[WhiteElo "2159"]
[BlackElo "2053"]
[PlyCount "45"]
[EventDate "2002.??.??"]
[EventType "swiss"]
[EventRounds "9"]
[EventCountry "DEN"]

1. e4 g6 2. d4 Bg7 3. Nc3 Nc6 4. Nf3 d6 5. Be3 Bg4 6. Bb5 a6 7. Bxc6+ bxc6 8.
h3 Bd7 9. Qd2 Nf6 10. O-O-O Rb8 11. Bh6 Bxh6 12. Qxh6 Qc8 13. e5 Nd5 14. Nxd5
cxd5 15. Qg7 Rf8 16. Ng5 Qb7 17. b3 Qb4 18. Nxh7 Bf5 19. Qxf8+ Kd7 20. Qxf7 Qc3
21. Nf6+ Kc8 22. Qg8+ Kb7 23. Qxd5+ 1-0

[Event "Copenhagen Ch"]
[Site "Copenhagen"]
[Date "2002.10.16"]
[Round "4"]
[White "Andersen, Niels Erik"]
[Black "Henrichsen, Jens"]
[Result "1/2-1/2"]
[WhiteElo "2020"]
[BlackElo "2059"]
[PlyCount "37"]
[EventDate "2002.??.??"]
[EventType "swiss"]
[EventRounds "9"]
[EventCountry "DEN"]

1. d4 Nf6 2. c4 e6 3. Nc3 Bb4 4. Qc2 O-O 5. e4 c5 6. a3 cxd4 7. axb4 dxc3 8.
Bd3 cxb2 9. Qxb2 d5 10. exd5 exd5 11. Bg5 dxc4 12. Bxc4 Nc6 13. Ne2 Qe7 14. O-O
Qe5 15. Qxe5 Nxe5 16. Bb3 Bd7 17. Rfd1 Bc6 18. Ng3 a6 19. h3 1/2-1/2

[Event "Copenhagen Ch"]
[Site "Copenhagen"]
[Date "2002.10.11"]
[Round "1"]
[White "Andersen, Niels Erik"]
[Black "Nielsen, Michael"]
[Result "1/2-1/2"]
[WhiteElo "2020"]
[BlackElo "2095"]
[PlyCount "39"]
[EventDate "2002.??.??"]
[EventType "swiss"]
[EventRounds "9"]
[EventCountry "DEN"]

1. d4 Nf6 2. c4 c5 3. d5 b5 4. cxb5 a6 5. bxa6 Bxa6 6. Nc3 d6 7. e4 Bxf1 8.
Kxf1 g6 9. g3 Bg7 10. Kg2 O-O 11. h3 Nbd7 12. Nf3 Qb6 13. Re1 Rfb8 14. e5 dxe5
15. Nxe5 Nxe5 16. Rxe5 Qb7 17. Kg1 Qd7 18. Kg2 Qb7 19. Kg1 Qd7 20. Kg2 1/2-1/2

[Event "Copenhagen Ch"]
[Site "Copenhagen"]
[Date "2002.10.20"]
[Round "9"]
[White "Andersen, Niels Erik"]
[Black "Pallesen, Jacob"]
[Result "0-1"]
[WhiteElo "2020"]
[BlackElo "2071"]
[PlyCount "108"]
[EventDate "2002.??.??"]
[EventType "swiss"]
[EventRounds "9"]
[EventCountry "DEN"]

1. d4 d6 2. c4 f5 3. g3 Nf6 4. Bg2 g6 5. Nh3 Bg7 6. Nc3 c6 7. Nf4 O-O 8. h4 e5
9. dxe5 dxe5 10. Qxd8 Rxd8 11. Nd3 Re8 12. Bd2 Nbd7 13. b3 e4 14. Nb2 Ng4 15.
e3 Nde5 16. Rb1 Be6 17. Ne2 Rad8 18. Bb4 b6 19. O-O c5 20. Be1 Nd3 21. Nxd3
exd3 22. Nf4 d2 23. Nxe6 dxe1=Q 24. Rfxe1 Rxe6 25. Bd5 Rxd5 26. cxd5 Rd6 27.
Red1 Kf7 28. Rbc1 Nf6 29. b4 cxb4 30. Rc7+ Rd7 31. d6 Ke6 32. Rc8 Rxd6 33.
Rxd6+ Kxd6 34. Ra8 a5 35. Ra7 Nd7 36. Kf1 Bc3 37. Ke2 Nc5 38. Rxh7 a4 39. h5
gxh5 40. Rh6+ Kc7 41. Rxh5 b3 42. axb3 a3 43. Rh7+ Kb8 44. b4 a2 45. Rh1 Nb3
46. Kd3 Bb2 47. Kc2 Bc1 48. Rh8+ Ka7 49. Rh7+ Ka6 50. Rh8 Kb5 51. Ra8 Na5 52.
bxa5 a1=Q 53. a6 Qb2+ 54. Kd3 Qd2# 0-1

[Event "Copenhagen Ch"]
[Site "Copenhagen"]
[Date "2002.10.18"]
[Round "6"]
[White "Andersen, Niels Erik"]
[Black "Moller, Arne"]
[Result "1-0"]
[WhiteElo "2020"]
[BlackElo "2049"]
[PlyCount "55"]
[EventDate "2002.??.??"]
[EventType "swiss"]
[EventRounds "9"]
[EventCountry "DEN"]

1. d4 Nf6 2. c4 e6 3. Nc3 Bb4 4. Qc2 c5 5. dxc5 Bxc5 6. Nf3 Nc6 7. e3 O-O 8. a3
a6 9. b4 Be7 10. Bb2 b6 11. Bd3 h6 12. e4 Bb7 13. e5 Ne8 14. O-O d6 15. Ne4
dxe5 16. Nxe5 Nf6 17. Rad1 Qc7 18. Nxf6+ Bxf6 19. Bh7+ Kh8 20. Rd7 Bxe5 21.
Rxc7 Bxc7 22. Be4 Rac8 23. Qd2 f6 24. Qe3 Rfe8 25. Bxf6 gxf6 26. Qxh6+ Kg8 27.
Bh7+ Kh8 28. Bg6+ 1-0

[Event "Copenhagen Ch"]
[Site "Copenhagen"]
[Date "2002.10.15"]
[Round "3"]
[White "Andersen, Niels Erik"]
[Black "Nielsen, Thomas"]
[Result "0-1"]
[WhiteElo "2020"]
[BlackElo "2060"]
[PlyCount "86"]
[EventDate "2002.??.??"]
[EventType "swiss"]
[EventRounds "9"]
[EventCountry "DEN"]

1. d4 d5 2. c4 e6 3. Nc3 c5 4. cxd5 exd5 5. Nf3 Nc6 6. Bg5 Be7 7. Bxe7 Ngxe7 8.
e3 c4 9. Be2 Qa5 10. O-O Bf5 11. Ne1 b5 12. a3 O-O 13. Bf3 Rfd8 14. g4 Bg6 15.
Ng2 Bd3 16. Be2 Bxe2 17. Qxe2 Rd6 18. Nf4 Rad8 19. Qf3 Qb6 20. Qg2 Na5 21. Rad1
Nb3 22. h3 a5 23. Qf3 b4 24. Na4 Qb5 25. Nc5 Nxc5 26. dxc5 Qxc5 27. Rd4 Ng6 28.
axb4 axb4 29. Ne2 Ne5 30. Qf5 Nd3 31. Rd1 Rf6 32. Qg5 h6 33. Qh4 g5 34. Qg3
Nxb2 35. Qe5 Re6 36. Qf5 Nxd1 37. h4 Qd6 38. hxg5 hxg5 39. Qxg5+ Rg6 40. Qf5
Qe6 41. Qh5 Nxe3 42. g5 Nf5 43. Rf4 Kg7 0-1

[Event "Copenhagen Ch"]
[Site "Copenhagen"]
[Date "2002.10.19"]
[Round "8"]
[White "Bonnez, Finn"]
[Black "Henrichsen, Jens"]
[Result "0-1"]
[WhiteElo "2041"]
[BlackElo "2059"]
[PlyCount "74"]
[EventDate "2002.??.??"]
[EventType "swiss"]
[EventRounds "9"]
[EventCountry "DEN"]

1. d4 Nf6 2. c4 e6 3. Nc3 Bb4 4. Qc2 O-O 5. Nf3 b6 6. e4 d5 7. e5 Ne4 8. a3
Bxc3+ 9. bxc3 c5 10. Bd3 Bb7 11. O-O Nd7 12. Bxe4 dxe4 13. Ng5 cxd4 14. cxd4
Rc8 15. f3 Nxe5 16. dxe5 Qd4+ 17. Qf2 Qxa1 18. fxe4 Qxe5 19. Bf4 Qc5 20. Be3
Qxc4 21. Bd2 a5 22. h3 f6 23. Qxb6 Qc5+ 24. Qxc5 Rxc5 25. Nxe6 Rc2 26. Nxf8
Rxd2 27. Rb1 Rxg2+ 28. Kf1 Bxe4 29. Rb8 Kf7 30. Nd7 Rg3 31. Nc5 Bd5 32. Rd8
Bc4+ 33. Kf2 Rxa3 34. h4 Rh3 35. Rd4 Be6 36. Ra4 Rh2+ 37. Kg3 Ra2 0-1

[Event "Copenhagen Ch"]
[Site "Copenhagen"]
[Date "2002.10.18"]
[Round "6"]
[White "Bonnez, Finn"]
[Black "Pallesen, Jacob"]
[Result "0-1"]
[WhiteElo "2041"]
[BlackElo "2071"]
[PlyCount "118"]
[EventDate "2002.??.??"]
[EventType "swiss"]
[EventRounds "9"]
[EventCountry "DEN"]

1. d4 f5 2. Bg5 g6 3. e3 Bg7 4. Bc4 d5 5. Bb3 Nf6 6. c4 Be6 7. Nd2 O-O 8. Ne2
Bf7 9. Bxf6 Bxf6 10. cxd5 Bxd5 11. Nf4 Bf7 12. Bxf7+ Rxf7 13. Qb3 Nd7 14. Ne6
Qb8 15. Nf3 h6 16. Rc1 c6 17. O-O Nf8 18. Nc5 e5 19. dxe5 Bxe5 20. Rfd1 Kg7 21.
Rd2 Bd6 22. Rcd1 Bxc5 23. Qc3+ Kh7 24. Qxc5 Qc7 25. Rd6 Qb6 26. b4 Qxc5 27.
bxc5 Re8 28. g3 Ne6 29. Rc1 Nc7 30. a4 Rfe7 31. Nd4 Kg7 32. Kf1 Kf7 33. Ke2 Ne6
34. Nxe6 Rxe6 35. Rd7+ R8e7 36. Rxe7+ Rxe7 37. Kd3 Rd7+ 38. Kc4 Ke6 39. Rc2 Ke5
40. f3 g5 41. h3 h5 42. a5 a6 43. Rf2 Rd1 44. f4+ gxf4 45. exf4+ Ke4 46. Rb2
Rc1+ 47. Kb4 h4 48. gxh4 Kxf4 49. Rf2+ Ke4 50. h5 Rh1 51. Re2+ Kd5 52. Rf2 Ke5
53. Rf3 Ke4 54. Rc3 f4 55. h6 f3 56. Rc4+ Kf5 57. Rc3 Rxh3 58. h7 Kf4 59. Rc4+
Kg3 0-1

[Event "Copenhagen Ch"]
[Site "Copenhagen"]
[Date "2002.10.15"]
[Round "3"]
[White "Bonnez, Finn"]
[Black "Nilsson, Nils Specht"]
[Result "0-1"]
[WhiteElo "2041"]
[BlackElo "2182"]
[PlyCount "50"]
[EventDate "2002.??.??"]
[EventType "swiss"]
[EventRounds "9"]
[EventCountry "DEN"]

1. c4 e5 2. Nc3 Nf6 3. e4 Bc5 4. h3 d6 5. Nf3 Nc6 6. d3 h6 7. Be2 a6 8. a3 O-O
9. g4 Nh7 10. Nd5 Nd4 11. Nxd4 Bxd4 12. h4 c6 13. Ne3 d5 14. cxd5 Bxe3 15. Bxe3
cxd5 16. exd5 Qxd5 17. Rg1 Be6 18. g5 hxg5 19. hxg5 Bf5 20. Qa4 Rfc8 21. Qh4
Rc2 22. Rd1 Rxb2 23. Rh1 Rc8 24. Bh5 Rcc2 25. g6 fxg6 0-1

[Event "Copenhagen Ch"]
[Site "Copenhagen"]
[Date "2002.10.20"]
[Round "9"]
[White "Bonnez, Finn"]
[Black "Paaske, Asger"]
[Result "1/2-1/2"]
[WhiteElo "2041"]
[BlackElo "2137"]
[PlyCount "114"]
[EventDate "2002.??.??"]
[EventType "swiss"]
[EventRounds "9"]
[EventCountry "DEN"]

1. d4 Nf6 2. Nc3 g6 3. Bg5 d5 4. Bxf6 exf6 5. g3 f5 6. Bg2 c6 7. e3 Bg7 8. Nge2
O-O 9. O-O Re8 10. Rb1 Nd7 11. a3 Nf6 12. b4 Ne4 13. Qc1 Bh6 14. Nxe4 fxe4 15.
c4 Bg4 16. Re1 Qd7 17. Rb2 g5 18. Rc2 Rac8 19. Kf1 Bf8 20. Ng1 Qf5 21. h3 Bf3
22. g4 Bxg2+ 23. Kxg2 Qe6 24. c5 f5 25. gxf5 Qxf5 26. Qd1 Qg6 27. Ne2 Bg7 28.
Ng3 Rf8 29. Qh5 Qf6 30. Qg4 Rc7 31. Rb1 Rcf7 32. Rbb2 Qg6 33. Qh5 Qf6 34. Qg4
Qe7 35. Ra2 Rf6 36. Kg1 h6 37. Rab2 Qf7 38. a4 Rf3 39. Kh2 Kh7 40. Qh5 Qc7 41.
Qg4 Qf7 42. Qh5 Bf6 43. Qxf7+ Rxf7 44. b5 Bd8 45. Kg2 Kg6 46. Nf1 h5 47. bxc6
bxc6 48. Rb8 Ba5 49. Nh2 R3f6 50. Rb1 Bc7 51. Nf1 g4 52. hxg4 hxg4 53. Rb7 a5
54. Rcb2 Kg5 55. Rc2 Rf3 56. Rcb2 Kg6 57. Nh2 Bxh2 1/2-1/2

[Event "Copenhagen Ch"]
[Site "Copenhagen"]
[Date "2002.10.11"]
[Round "1"]
[White "Bonnez, Finn"]
[Black "Petersen, Steen"]
[Result "1/2-1/2"]
[WhiteElo "2041"]
[BlackElo "2120"]
[PlyCount "59"]
[EventDate "2002.??.??"]
[EventType "swiss"]
[EventRounds "9"]
[EventCountry "DEN"]

1. d4 Nf6 2. Nc3 d5 3. Bg5 Nbd7 4. e3 c5 5. dxc5 e6 6. b4 Be7 7. Bb5 O-O 8.
Nge2 b6 9. cxb6 Qxb6 10. Rb1 a6 11. Bxd7 Bxd7 12. O-O Rfc8 13. e4 dxe4 14. Bxf6
Bxf6 15. Nxe4 Ba4 16. Nxf6+ gxf6 17. Rb2 Rc4 18. Qd2 Qc7 19. c3 Rd8 20. Qe3 Bb5
21. Rd2 Rxd2 22. Qxd2 Re4 23. Ng3 Re5 24. Re1 Rd5 25. Qc1 Bd3 26. Ne4 Bxe4 27.
Rxe4 Qd6 28. Re1 Rd2 29. a3 Qd3 30. h3 1/2-1/2

[Event "Copenhagen Ch"]
[Site "Copenhagen"]
[Date "2002.10.11"]
[Round "1"]
[White "Brondum, Eric"]
[Black "Nielsen, Thomas"]
[Result "1/2-1/2"]
[WhiteElo "2212"]
[BlackElo "2060"]
[PlyCount "58"]
[EventDate "2002.??.??"]
[EventType "swiss"]
[EventRounds "9"]
[EventCountry "DEN"]

1. d4 d5 2. Nf3 e6 3. e3 c5 4. c3 Nc6 5. Bd3 Bd6 6. Nbd2 Nge7 7. O-O e5 8. e4
cxd4 9. cxd4 exd4 10. exd5 Nxd5 11. Re1+ Be6 12. Ne4 h6 13. Bb5 O-O 14. Nxd6
Qxd6 15. Bxc6 Qxc6 16. Qxd4 Rfd8 17. Qh4 Rac8 18. h3 Qc4 19. Qg3 Kh8 20. b3 Qc3
21. Rb1 Nf6 22. Bb2 Qb4 23. a3 Qe7 24. Nd4 Qd6 25. Re5 Rc5 26. Rxc5 Qxc5 27.
Nxe6 fxe6 28. Bxf6 gxf6 29. Qg6 Qg5 1/2-1/2

[Event "Copenhagen Ch"]
[Site "Copenhagen"]
[Date "2002.10.17"]
[Round "5"]
[White "Brondum, Eric"]
[Black "Carstensen, Jacob"]
[Result "1/2-1/2"]
[WhiteElo "2212"]
[BlackElo "2256"]
[PlyCount "21"]
[EventDate "2002.??.??"]
[EventType "swiss"]
[EventRounds "9"]
[EventCountry "DEN"]

1. e4 c5 2. Nf3 d6 3. d4 cxd4 4. Nxd4 Nf6 5. Nc3 a6 6. Be3 e5 7. Nb3 Be7 8. f3
O-O 9. Qd2 Be6 10. O-O-O h5 11. Nd5 1/2-1/2

[Event "Copenhagen Ch"]
[Site "Copenhagen"]
[Date "2002.10.15"]
[Round "3"]
[White "Brondum, Eric"]
[Black "Nielsen, Michael"]
[Result "1/2-1/2"]
[WhiteElo "2212"]
[BlackElo "2095"]
[PlyCount "25"]
[EventDate "2002.??.??"]
[EventType "swiss"]
[EventRounds "9"]
[EventCountry "DEN"]

1. d4 Nf6 2. Nf3 g6 3. Nc3 Bg7 4. e4 d6 5. g3 O-O 6. Bg2 c5 7. O-O cxd4 8. Nxd4
Bd7 9. h3 Nc6 10. Nde2 Rc8 11. Be3 Qa5 12. Nf4 Ne5 13. Nfd5 1/2-1/2

[Event "Copenhagen Ch"]
[Site "Copenhagen"]
[Date "2002.10.13"]
[Round "2"]
[White "Carstensen, Jacob"]
[Black "Aabling Thomsen, Jakob"]
[Result "1-0"]
[WhiteElo "2256"]
[BlackElo "2159"]
[PlyCount "75"]
[EventDate "2002.??.??"]
[EventType "swiss"]
[EventRounds "9"]
[EventCountry "DEN"]

1. c4 e5 2. Nc3 Nc6 3. Nf3 g6 4. d4 exd4 5. Nxd4 Bg7 6. e3 Nge7 7. Be2 O-O 8.
Qd2 Re8 9. O-O Nxd4 10. exd4 d5 11. Rd1 Nf5 12. cxd5 Nxd4 13. Bd3 Bg4 14. Rf1
Bf3 15. Bc4 Qd7 16. Qg5 h6 17. Qg3 Be5 18. Bf4 Qd6 19. Bxe5 Rxe5 20. Nb5 Nxb5
21. Qxf3 Nd4 22. Qf4 Rxd5 23. Qe4 Rh5 24. h3 Qf6 25. Qxb7 Rd8 26. Qxc7 Rf8 27.
Rad1 Nf3+ 28. Kh1 Ne5 29. Bd5 Qf5 30. Qc3 g5 31. Qg3 Kh8 32. f4 gxf4 33. Qxf4
Qc2 34. Rd2 Qc8 35. Re2 f6 36. Rxe5 Rxh3+ 37. gxh3 Qxh3+ 38. Kg1 1-0

[Event "Copenhagen Ch"]
[Site "Copenhagen"]
[Date "2002.10.16"]
[Round "4"]
[White "Carstensen, Jacob"]
[Black "Lund, Silas"]
[Result "1-0"]
[WhiteElo "2256"]
[BlackElo "2329"]
[PlyCount "99"]
[EventDate "2002.??.??"]
[EventType "swiss"]
[EventRounds "9"]
[EventCountry "DEN"]

1. d4 e6 2. c4 d5 3. Nc3 c6 4. e3 Bd6 5. Bd3 f5 6. f4 Nf6 7. Nf3 O-O 8. Bd2 Ne4
9. O-O b6 10. Be1 Bb7 11. Rc1 Nd7 12. Bh4 Ndf6 13. Ne5 Rc8 14. Qe2 Qe8 15. cxd5
exd5 16. Bxf6 Rxf6 17. Ba6 Bxa6 18. Qxa6 Rc7 19. Qa4 Qc8 20. Rc2 h6 21. Rfc1
Nxc3 22. Rxc3 c5 23. dxc5 bxc5 24. Rd1 Qe6 25. Nf3 Rb7 26. b3 Rc7 27. Qa6 d4
28. exd4 Bxf4 29. Qxe6+ Rxe6 30. dxc5 Be3+ 31. Kf1 Rxc5 32. Rxc5 Bxc5 33. Rd5
Bb4 34. Rxf5 Rc6 35. Rf4 Rc1+ 36. Ke2 a5 37. Rc4 Ra1 38. Rc2 Kf7 39. Kd3 Rd1+
40. Ke2 Ra1 41. Nd4 Bd6 42. h3 Rg1 43. Kd3 Rd1+ 44. Kc4 Bc7 45. Kb5 Bd8 46. Nc6
Bc7 47. Nxa5 Rd5+ 48. Kc6 Rxa5 49. Kxc7 Rc5+ 50. Rxc5 1-0

[Event "Copenhagen Ch"]
[Site "Copenhagen"]
[Date "2002.10.18"]
[Round "6"]
[White "Carstensen, Jacob"]
[Black "Nilsson, Nils Specht"]
[Result "1-0"]
[WhiteElo "2256"]
[BlackElo "2182"]
[PlyCount "61"]
[EventDate "2002.??.??"]
[EventType "swiss"]
[EventRounds "9"]
[EventCountry "DEN"]

1. d4 Nf6 2. c4 d6 3. Nc3 Nbd7 4. e4 e5 5. Nf3 Be7 6. Be2 O-O 7. O-O h6 8. h3
Nh7 9. Be3 Bg5 10. Nxg5 Nxg5 11. f4 exf4 12. Bxf4 Nf6 13. Bd3 Re8 14. Re1 Ne6
15. Be3 c5 16. dxc5 dxc5 17. Nd5 Ng5 18. Bxc5 b6 19. Bd4 Nxd5 20. exd5 Rxe1+
21. Qxe1 Bxh3 22. Qg3 Bd7 23. Re1 Qf8 24. Qc7 Re8 25. Rf1 Bg4 26. Qxa7 Qb4 27.
Qa3 Qd2 28. Qc3 Nh3+ 29. gxh3 Qg5 30. Qc1 Qh4 31. Qf4 1-0

[Event "Copenhagen Ch"]
[Site "Copenhagen"]
[Date "2002.10.16"]
[Round "4"]
[White "Christensen, Esben"]
[Black "Brondum, Eric"]
[Result "0-1"]
[WhiteElo "2085"]
[BlackElo "2212"]
[PlyCount "54"]
[EventDate "2002.??.??"]
[EventType "swiss"]
[EventRounds "9"]
[EventCountry "DEN"]

1. e4 c5 2. Nf3 d6 3. d4 cxd4 4. Nxd4 Nf6 5. Nc3 a6 6. a4 e5 7. Nb3 Be6 8. Bg5
Be7 9. f4 exf4 10. Bxf4 Nc6 11. Be2 O-O 12. O-O d5 13. exd5 Nxd5 14. Nxd5 Qxd5
15. Bd3 Nb4 16. Nc1 Qd4+ 17. Kh1 Qxb2 18. Ne2 Nxd3 19. Qxd3 Rac8 20. Rab1 Qxc2
21. Qxc2 Rxc2 22. Nd4 Ra2 23. Rxb7 Bc5 24. Nxe6 fxe6 25. g3 e5 26. Rc1 exf4 27.
Rxc5 fxg3 0-1

[Event "Copenhagen Ch"]
[Site "Copenhagen"]
[Date "2002.10.19"]
[Round "8"]
[White "Christensen, Esben"]
[Black "Pallesen, Jacob"]
[Result "1-0"]
[WhiteElo "2085"]
[BlackElo "2071"]
[PlyCount "81"]
[EventDate "2002.??.??"]
[EventType "swiss"]
[EventRounds "9"]
[EventCountry "DEN"]

1. e4 c5 2. Nf3 e6 3. d4 cxd4 4. Nxd4 a6 5. Bd3 Qc7 6. O-O Nc6 7. Nxc6 Qxc6 8.
f4 Bc5+ 9. Kh1 b5 10. Qg4 g6 11. f5 Bb7 12. fxe6 Qxe6 13. Qg3 Ne7 14. Nc3 O-O
15. Bh6 Bd6 16. Qh4 f5 17. Bxf8 Rxf8 18. Rae1 f4 19. Rf3 Be5 20. Ne2 Qf6 21.
Qxf6 Rxf6 22. c3 g5 23. Rff1 d5 24. Nd4 Bxd4 25. cxd4 dxe4 26. Bxe4 Bxe4 27.
Rxe4 Nf5 28. d5 Kg7 29. Re5 Kg6 30. Rc1 Nd4 31. Rd1 Nf5 32. Rd3 Rd6 33. Re6+
Rxe6 34. dxe6 Kf6 35. Ra3 Kxe6 36. Rxa6+ Ke5 37. Ra5 Nd4 38. a4 g4 39. axb5 f3
40. gxf3 gxf3 41. Kg1 1-0

[Event "Copenhagen Ch"]
[Site "Copenhagen"]
[Date "2002.10.18"]
[Round "6"]
[White "Christensen, Esben"]
[Black "Madsen, Poul Henrik"]
[Result "0-1"]
[WhiteElo "2085"]
[BlackElo "2048"]
[PlyCount "108"]
[EventDate "2002.??.??"]
[EventType "swiss"]
[EventRounds "9"]
[EventCountry "DEN"]

1. e4 c5 2. Nf3 d6 3. d4 cxd4 4. Nxd4 Nf6 5. Nc3 g6 6. Be2 Bg7 7. O-O O-O 8.
Be3 Nc6 9. Kh1 Nxd4 10. Bxd4 Be6 11. f4 Qc8 12. f5 Bc4 13. Bxc4 Qxc4 14. Bxf6
Bxf6 15. Nd5 Qxe4 16. Nxf6+ exf6 17. Qd2 Rae8 18. Rae1 Qh4 19. h3 Qg5 20. Rd1
gxf5 21. Rf2 Re6 22. Rdf1 Qxd2 23. Rxd2 Rc8 24. Rxf5 Rc5 25. Rf4 f5 26. Kg1 Kg7
27. Rfd4 Rc6 28. c3 Kf6 29. Kf2 Ke7 30. Kf3 Rc5 31. Kf4 Rce5 32. g3 Re4+ 33.
Kf3 Re3+ 34. Kf2 R3e5 35. b3 Rc5 36. c4 b5 37. Kf3 bxc4 38. bxc4 Rc6 39. Kf4
Re5 40. Rb2 Rb6 41. Rf2 Ra6 42. Kg5 Ra3 43. Kh4 Re4+ 44. Rf4 Rxd4 45. Rxd4 Rxa2
46. Rd3 Ra4 47. Rd4 Ke6 48. Kg5 Ra3 49. Kf4 a5 50. Rd5 a4 51. h4 Ra1 52. Kg5
Rc1 53. Rd4 a3 54. Rd3 a2 0-1

[Event "Copenhagen Ch"]
[Site "Copenhagen"]
[Date "2002.10.13"]
[Round "2"]
[White "Christensen, Esben"]
[Black "Andersen, Niels Erik"]
[Result "1-0"]
[WhiteElo "2085"]
[BlackElo "2020"]
[PlyCount "53"]
[EventDate "2002.??.??"]
[EventType "swiss"]
[EventRounds "9"]
[EventCountry "DEN"]

1. e4 c6 2. Nf3 d5 3. Nc3 dxe4 4. Nxe4 Nd7 5. Bc4 e6 6. Qe2 Ndf6 7. Neg5 Nh6 8.
d4 g6 9. Bd2 Bg7 10. O-O-O O-O 11. Ne5 Nd5 12. Bd3 Nf5 13. c3 Qe7 14. g4 Nh4
15. Ne4 f6 16. Nc4 g5 17. Ng3 Ng6 18. Bxg6 hxg6 19. h4 Nf4 20. Qf3 Qc7 21. hxg5
fxg5 22. Qe4 b5 23. Ne5 Bxe5 24. dxe5 Qf7 25. Rh6 Rd8 26. Rdh1 Nd3+ 27. Kc2 1-0

[Event "Copenhagen Ch"]
[Site "Copenhagen"]
[Date "2002.10.20"]
[Round "9"]
[White "Christensen, Esben"]
[Black "Carstensen, Jacob"]
[Result "1/2-1/2"]
[WhiteElo "2085"]
[BlackElo "2256"]
[PlyCount "61"]
[EventDate "2002.??.??"]
[EventType "swiss"]
[EventRounds "9"]
[EventCountry "DEN"]

1. e4 c5 2. Nf3 d6 3. d4 cxd4 4. Nxd4 Nf6 5. Nc3 a6 6. f3 e5 7. Nb3 Be7 8. Be3
Be6 9. Qd2 O-O 10. O-O-O b5 11. g4 b4 12. Nd5 Bxd5 13. exd5 a5 14. g5 a4 15.
Na1 Nh5 16. Qxb4 Bxg5 17. Bxg5 Qxg5+ 18. Kb1 Qe7 19. Bb5 a3 20. b3 Na6 21. Qxa3
Nc7 22. Ba4 Nb5 23. Qb4 Nd4 24. Rxd4 exd4 25. Qxd4 Qe2 26. Qd1 Qa6 27. c4 Rfb8
28. Kc1 Qb6 29. Nc2 Nf4 30. Re1 Rxa4 31. bxa4 1/2-1/2

[Event "Copenhagen Ch"]
[Site "Copenhagen"]
[Date "2002.10.20"]
[Round "9"]
[White "Hansen, Lars Henrik Bech"]
[Black "Hoeg, Claus"]
[Result "0-1"]
[WhiteElo "2131"]
[BlackElo "2053"]
[PlyCount "84"]
[EventDate "2002.??.??"]
[EventType "swiss"]
[EventRounds "9"]
[EventCountry "DEN"]

1. e4 g6 2. d4 Bg7 3. Nc3 d6 4. Be3 Nf6 5. f3 O-O 6. Qd2 e5 7. d5 c6 8. O-O-O
cxd5 9. exd5 Qa5 10. Kb1 Na6 11. Bh6 Nb4 12. Bxg7 Kxg7 13. a3 Na6 14. h4 h5 15.
g4 Rb8 16. g5 Ne8 17. f4 exf4 18. Qd4+ f6 19. Qxa7 Qc5 20. Qxc5 Nxc5 21. gxf6+
Nxf6 22. Nb5 Nce4 23. Rh2 Bg4 24. Be2 Bd7 25. Nf3 Ng4 26. Nbd4 Nxh2 27. Nxh2
Rbe8 28. Rg1 Ng3 29. Bd3 Re5 30. c4 Re3 31. Kc2 Nf5 32. Nhf3 Nxd4+ 33. Nxd4 Rf6
34. Kd2 Rh3 35. b4 Rxh4 36. c5 dxc5 37. bxc5 f3 38. Kc3 Rg4 39. Rf1 f2 40. Rb1
Rg3 41. Rf1 Bh3 42. Rb1 f1=Q 0-1